000 00430nam a2200181Ia 4500
008 230711s9999||||xx |||||||||||||| ||und||
020 _a978-81-265-1702-2
041 _aENG
082 _a537.62
_bSZ-P
100 _aSze,S.M
245 0 _aPhysics of semiconductor devices
250 _a3rd Ed.
260 _c2007
_aNew Delhi
_bWiley Eastern Limited
300 _a815
650 _aPhysics
700 _aNg,Kwok.K
942 _cBK
999 _c5473
_d5473